[Event "GER-chT U10"]
[Site "Magdeburg"]
[Date "2012.12.28"]
[Round "3.2"]
[White "Bonda, Lennart"]
[Black "Schmidt, Johannes4444"]
[Result "0-1"]
[WhiteElo "778"]
[BlackElo "681"]
[PlyCount "28"]
[EventDate "2012.12.27"]
[EventType "team-swiss"]
[EventRounds "7"]
[EventCountry "GER"]
[SourceTitle "EXT 2014"]
[Source "ChessBase"]
[SourceDate "2013.11.20"]
[SourceVersion "1"]
[SourceVersionDate "2013.11.20"]
[SourceQuality "1"]
[WhiteTeam "Breitenworbis"]
[BlackTeam "Neumarkt"]
[WhiteTeamCountry "GER"]
[BlackTeamCountry "GER"]

1. e4 e5 2. Nf3 Nc6 3. Bc4 Nf6 4. Nc3 d5 5. exd5 Bc5 6. dxc6 bxc6 7. Nxe5 Be6 8. Bxe6 fxe6 9. Nxc6 Qd6 10. Na5 Qd4 11. 0-0 Ng4 12. Qe1 Rf8 13. Ne4 Qe5 14. Nxc5 Qxh2# 0-1

[Event "GER-chT U10"]
[Site "Magdeburg"]
[Date "2012.12.28"]
[Round "4.2"]
[White "Kantor, Tim"]
[Black "Bonda, Lennart"]
[Result "1/2-1/2"]
[WhiteElo "881"]
[BlackElo "778"]
[PlyCount "50"]
[EventDate "2012.12.27"]
[EventType "team-swiss"]
[EventRounds "7"]
[EventCountry "GER"]
[SourceTitle "EXT 2014"]
[Source "ChessBase"]
[SourceDate "2013.11.20"]
[SourceVersion "1"]
[SourceVersionDate "2013.11.20"]
[SourceQuality "1"]
[WhiteTeam "Berghofen Hoerde"]
[BlackTeam "Breitenworbis"]
[WhiteTeamCountry "GER"]
[BlackTeamCountry "GER"]

1. e4 e5 2. Nf3 Nc6 3. d4 d6 4. Nc3 Nf6 5. Bg5 Be7 6. Bb5 Bd7 7. h3 0-0 8. 0-0 exd4 9. Nxd4 Nxd4 10. Bxd7 Qxd7 11. Qxd4 c5 12. Qe3 b6 13. Rad1 b5 14. Bxf6 Bxf6 15. e5 Bxe5 16. Qxe5 Rae8 17. Qxd6 Qxd6 18. Rxd6 b4 19. Na4 a5 20. Nxc5 Rc8 21. Rd5 a4 22. Rc1 a3 23. b3 Rfe8 24. Nb7 Rf8 25. Nd6 Rcd8 1/2-1/2

[Event "GER-chT U10"]
[Site "Magdeburg"]
[Date "2012.12.27"]
[Round "1.2"]
[White "Bonda, Lennart"]
[Black "Haufe, Laurin"]
[Result "0-1"]
[WhiteElo "778"]
[BlackElo "1102"]
[PlyCount "23"]
[EventDate "2012.12.27"]
[EventType "team-swiss"]
[EventRounds "7"]
[EventCountry "GER"]
[SourceTitle "EXT 2014"]
[Source "ChessBase"]
[SourceDate "2013.11.20"]
[SourceVersion "1"]
[SourceVersionDate "2013.11.20"]
[SourceQuality "1"]
[WhiteTeam "Leipzig BSG II"]
[BlackTeam "Breitenworbis"]
[WhiteTeamCountry "GER"]
[BlackTeamCountry "GER"]

1. e4 e5 2. Nf3 Nc6 3. Bc4 Bc5 4. d3 Nf6 5. Bg5 h6 6. Bh4 d6 7. h3 Be6 8. Bxf6 gxf6 9. Nc3 Qe7 10. 0-0 0-0-0 11. Qd2 Rhg8 12. a3 0-1

[Event "GER-chT U10"]
[Site "Magdeburg"]
[Date "2012.12.27"]
[Round "2.2"]
[White "Dittenberger, Timo"]
[Black "Bonda, Lennart"]
[Result "1-0"]
[WhiteElo "897"]
[BlackElo "778"]
[PlyCount "119"]
[EventDate "2012.12.27"]
[EventType "team-swiss"]
[EventRounds "7"]
[EventCountry "GER"]
[SourceTitle "EXT 2014"]
[Source "ChessBase"]
[SourceDate "2013.11.20"]
[SourceVersion "1"]
[SourceVersionDate "2013.11.20"]
[SourceQuality "1"]
[WhiteTeam "Landskrone"]
[BlackTeam "Breitenworbis"]
[WhiteTeamCountry "GER"]
[BlackTeamCountry "GER"]

1. d4 d5 2. c4 Nf6 3. Nc3 e6 4. a3 Bd6 5. Nf3 Nc6 6. Bg5 Bd7 7. e3 0-0 8. c5 Be7 9. Ne5 Nxe5 10. dxe5 Ne4 11. Nxe4 dxe4 12. Be2 Bxg5 13. 0-0 Be7 14. Qd4 Bc6 15. a4 Qxd4 16. exd4 Rfe8 17. Rfd1 b6 18. b4 a5 19. b5 Bd5 20. f3 exf3 21. gxf3 Bb3 22. Rdb1 Bd5 23. Kg2 Bb7 24. c6 Bc8 25. Rd1 f6 26. exf6 Bxf6 27. Ra3 Bxd4 28. Rad3 e5 29. R3d2 Be6 30. h4 Bb3 31. Rh1 Bxa4 32. Bc4+ Kh8 33. Ra2 Bxb5 34. Bxb5 Rac8 35. h5 e4 36. fxe4 Rxe4 37. Rd2 Bc3 38. Bd3 Rg4+ 39. Kh3 Rg5 40. Rdd1 Rxh5+ 41. Kg2 Rxh1 42. Rxh1 a4 43. Rxh7+ Kg8 44. Rh3 a3 45. Bc4+ Kf8 46. Be6 Re8 47. Bd7 Re7 48. Bf5 Rf7 49. Bg6 Ke7 50. Bxf7 Kxf7 51. Rxc3 g5 52. Rxa3 Ke6 53. Ra7 g4 54. Rxc7 Kf5 55. Rb7 Kf4 56. c7 g3 57. c8Q b5 58. Qf8+ Kg4 59. Rg7+ Kh4 60. Qh8# 1-0